عرض عادي
عرض مارك
- البيئة
مدخل مصطلح موضوعي
001 - رقم الضبط
- حقل الضبط: 101570
003 - معرف رقم الضبط
- حقل الضبط: OSt
005 - تاريخ ووقت أخر عملية
- حقل الضبط: 20220913103333.0
008 - عناصر بيانات ثابتة الطول
- حقل تحكم ثابت الطول: 220913|| aca||aabn | a|a d
040 ## - مصدر الفهرسة
- هيئة الفهرسة الأصلية: OSt
- وكالة الكتابة: OSt
150 ## - مدخل-- مصطلح تاريخي
- عنصر مدخل المصطلح الموضوعي او الاسم الجغرافي: البيئة
670 ## - بيانات المصدر موجوده
- الاستشهاد بالمصدر: Work cat.: (OSt): الجوارنة، شادي خليفة 101569, اقتصاديات البيئة من منظور إسلامي /, 2014
